000 00744nam a2200169 a 4500
008 071022s1998 ||||||||||||||||| || u
050 _aIBRD(06)ESD/1998/4
100 _aSerageldin, Ismail
245 1 0 _aOrganizing knowledge for environmentally and socially sustainable development
_cedited by Ismail Serageldin (and others)
260 _aWashington, D. C.
_bWorld Bank
_c1998
300 _avi, 92p.
350 _a0.00
490 _aEnvironmentally and Socially Sustainable Development
650 0 _aAFRICA--ECONOMIC CONDITIONS
650 _aSUSTAINABLE DEVELOPMENT--RESEARCH
995 _D0.00
_FCBU-MAIN LIBRARY (Kitwe)
_H1
_I0.00
_M1
_UAVAILABLE
_WOct 22, 2007
_ZInternational Publications
999 _c52925
_d52925